Z plánov najmladšej scény rozhovor s Alexandrom Futášom, riaditeľom Bábkového divadla "9. mája"

Bibliographic Details
Main Author: (Tf) (Author)
Format: Article
Language:Slovak
PhysicalDescription:Fotografia
Subjects:

MARC

LEADER 00000nab a2200000u 4500
001 vtls012079667
003 SK-MaSNL
005 20260303194628.0
008 211203|19590728xo ||||||| ||00 ||slo|
038 |a KEVKJB 
040 |a KEVKJB  |b slo  |e rda 
041 0 |a slo 
043 |a e-xo--- 
044 |a xo  |c SK 
072 7 |a 792  |x Divadlo. Divadelné predstavenia  |2 konspekt 
080 |a 792.97  |2 2011 
100 1 |a (Tf)  |4 aut  |9 881612 
245 1 0 |a Z plánov najmladšej scény  |b rozhovor s Alexandrom Futášom, riaditeľom Bábkového divadla "9. mája"  |c [autor] (tf) 
300 |b Fotografia 
336 |a text  |b txt  |2 rdacontent 
337 |a bez média  |b n  |2 rdamedia 
338 |a zväzok  |b nc  |2 rdacarrier 
610 2 7 |a Bábkové divadlo v Košiciach  |2 SNKKA  |9 29577 
651 7 |a Košice (Slovensko)  |2 SNKPHgeo  |9 18694 
773 0 |t Východoslovenské noviny  |g Roč. II. (VIII), č. 59 (28.7.1959), s. 3 
852 |a KEVKJB  |b KIS3GCP 
999 |c 2158608  |d 2160538